000 00477nam a2200181Ia 4500
005 20250508150500.0
008 008 250505s9999 xx 000 0 eng d
037 _aTextual
040 _aFEDL
_beng
_cFEDL
041 _aeng
_2eng
084 _a372.5, HOL
_qFEDL
100 _aHolme Geoffrey
_9756782
245 0 _aChildren's art book
260 _aLondon, UK
_bThe Studio
_c1946
300 _a96p.
942 _cTEXL
_h372.5, HOL
999 _c1323844
_d1323844